000 00714nam a2200253Ia 4500
003 OSt
005 20220926030220.0
006 a|||||r|||| 00| 0
007 ta
008 220923b |||||||| |||| 00| 0 eng d
037 _cGeneral Book
040 _aRTL
_cRTL
_beng
041 _2eng
_aeng
082 _aY2:3217.1.N7, L7
100 _aDuvall Evelyn Millis
_9333848
245 0 _aMarriage and family development
250 _a5
260 _aPhiladelphia
_bJ B Lippincott
_c1977
300 _axi,559p
_ccm.
500 _aGlossary: p 483-491
650 _aMarriage and Kinship
_9230715
942 _hY2:3217.1.N7, L7
_cGB
_2CC
999 _c649000
_d649000